书目信息 |
| 题名: |
少年儿童卫生保健常识
|
|
| 作者: | 高影君 著 | |
| 分册: | ||
| 出版信息: | 北京 北京师范大学出版社 1981 |
|
| 页数: | 167页 | |
| 开本: | 19cm | |
| 丛书名: | ||
| 单 册: | ||
| 中图分类: | R179 , R17 | |
| 科图分类: | ||
| 主题词: | 少年儿童卫生--基本知识 , 妇幼卫生 | |
| 电子资源: | ||
| ISBN: | ||
| 000 | 00649nam0 2200241 45 | |
| 001 | 1542386009 | |
| 005 | 20150128104507.35 | |
| 010 | @dCNY0.45 | |
| 091 | @aCN@b7243.31 | |
| 100 | @a19950705d1981 demy0chiy0121 ea | |
| 101 | 0 | @achi |
| 102 | @aCN@b110000 | |
| 105 | @ay z 000yy | |
| 200 | 10 | @a少年儿童卫生保健常识@Ashao nian er tong wei sheng bao jian chang shi@f高影君著 |
| 210 | @a北京@c北京师范大学出版社@d1981 | |
| 215 | @a167页@d19cm | |
| 606 | @a少年儿童卫生@x基本知识 | |
| 606 | 0 | @a妇幼卫生 |
| 690 | @aR179@v3 | |
| 690 | @aR17@v4 | |
| 701 | 0 | @a高影君@Agao ying jun@4著 |
| 801 | 0 | @aCN@bTSSF@c20150128 |
| 905 | @aZUCC@dR17@eJY1 | |
| 少年儿童卫生保健常识/高影君著.-北京:北京师范大学出版社,1981 |
| 167页;19cm |
| ISBN :CNY0.45 |
| ● |
| 相关链接 |
|
|
|
|
正题名:少年儿童卫生保健常识
索取号:R17/JY1
 
预约/预借
| 序号 | 登录号 | 条形码 | 馆藏地/架位号 | 状态 | 备注 |
| 1 | 7844510 | 278445103 | 学院路分馆/ [索取号:R17/JY1] | 在馆 |